000 00873cam a2200253 4500
001 ABS62522
008 000000n2000 000 0 eng u
035 _a(Sirsi) u106863
100 _aFairclough, A.
245 _aHuman rights: the constitution in the balance
260 _c2000
490 _aContext
_v66 June 2000, 27-29(3)
520 _aProvides an overview of the Human Rights Act 1998 and its potential impact on planning and conservation practice. For further information: http://www.legislation.hmso.gov.uk/acts/acts1998/19980042.htm
590 _aABS
650 _aHUMAN RIGHTS ACT 1998
650 _aEUROPEAN COURT OF HUMAN RIGHTS
650 _aEUROPE
650 _aBUILDING CONSERVATION
650 _aPLANNING SYSTEM
650 _aBRITTON V SOS ENVIRONMENT
650 _aORTENBERG V AUSTRIA
690 _aPLANNING-PLANNING LAW
942 _n0
999 _c63929
_d63929